000 00588nam a22001815i 4500
001 54395
003 ES-MaACL
005 20251014063119.0
007 t|
008 960722s1843 sp ||||1| spa d
100 1 _aForner, Juan Pablo,
_d1756-1797
_951775
245 1 0 _aObras de Juan Pablo Forner /
_crecogidas y ordenadas por Luis Villanueva.
260 _aMadrid :
_b[s.n.],
_c1843 (
_fImp. de La Amistad)
300 _aXXII, 424, [4] en bl., ;
_c21 cm.
700 1 _aVillanueva y CaƱedo, Luis,
_d1824-1902
_9175874
852 4 _aES-MaACL
_jG-13027
999 _c54395
_d54395